Superman. (Record no. 2966)
[ view plain ]
| 000 -LEADER | |
|---|---|
| fixed length control field | 01064cam a2200301 a 4500 |
| 005 - DATE AND TIME OF LATEST TRANSACTION | |
| control field | 20240126111718.0 |
| 020 ## - INTERNATIONAL STANDARD BOOK NUMBER | |
| International Standard Book Number | 9780061878572 |
| 040 ## - CATALOGING SOURCE | |
| Original cataloging agency | DLC |
| Transcribing agency | DLC |
| Language of cataloging | eng |
| Modifying agency | FISKH |
| 050 00 - LIBRARY OF CONGRESS CALL NUMBER | |
| Classification number | PZ7.T233 |
| Item number | 2010 |
| 082 00 - DEWEY DECIMAL CLASSIFICATION NUMBER | |
| Classification number | 543 |
| 100 1# - MAIN ENTRY--PERSONAL NAME | |
| Personal name | Teitelbaum, Michael |
| 245 10 - TITLE STATEMENT | |
| Title | Superman. |
| Name of part/section of a work | I am Superman / |
| Statement of responsibility, etc. | by Michael Teitelbaum ; pictures by Rick Farley. |
| 246 30 - VARYING FORM OF TITLE | |
| Title proper/short title | I am Superman |
| 250 ## - EDITION STATEMENT | |
| Edition statement | First published in 2010 |
| 260 ## - PUBLICATION, DISTRIBUTION, ETC. | |
| Place of publication, distribution, etc. | New York : |
| Name of publisher, distributor, etc. | Harper, |
| Date of publication, distribution, etc. | 2010 |
| 300 ## - PHYSICAL DESCRIPTION | |
| Extent | 28 pages : |
| Other physical details | color illustrations ; |
| Dimensions | 24 cm. |
| 490 0# - SERIES STATEMENT | |
| Series statement | I can read ! |
| Materials specified | Book 2 |
| 500 ## - GENERAL NOTE | |
| General note | "Superman created by Jerry Siegel and Joe Shuster." |
| 505 ## - FORMATTED CONTENTS NOTE | |
| Formatted contents note | E <br/> |
| 520 ## - SUMMARY, ETC. | |
| Summary, etc. | Superman takes Lois Lane to his Fortress of Solitude to tell her about his life and powers, but they must return to Metropolis in a hurry when Lex Luthor tries to take over the city. |
| 521 ## - TARGET AUDIENCE NOTE | |
| Target audience note | 270 <br/> |
| Source | Lexile <br/> |
| 521 ## - TARGET AUDIENCE NOTE | |
| Target audience note | E <br/> |
| Source | Raz-Plus <br/> |
| 650 ## - SUBJECT ADDED ENTRY--TOPICAL TERM | |
| Topical term or geographic name entry element | superman |
| Form subdivision | early reader |
| 700 1# - ADDED ENTRY--PERSONAL NAME | |
| Personal name | Farley, Rick |
| 906 ## - LOCAL DATA ELEMENT F, LDF (RLIN) | |
| a | 7 |
| b | cbc |
| c | orignew |
| d | 2 |
| e | epcn |
| f | 20 |
| g | y-gencatlg |
| 942 ## - ADDED ENTRY ELEMENTS (KOHA) | |
| Source of classification or shelving scheme | Dewey Decimal Classification |
| Koha item type | Books |
| Suppress in OPAC | No |
| 999 ## - | |
| -- | 2966 |
| -- | 2966 |
| Withdrawn status | Lost status | Source of classification or shelving scheme | Damaged status | Not for loan | Collection | Home library | Current library | Shelving location | Date acquired | Total Checkouts | Full call number | Barcode | Date last seen | Date last checked out | Price effective from | Koha item type |
|---|---|---|---|---|---|---|---|---|---|---|---|---|---|---|---|---|
| Dewey Decimal Classification | Juvenile Fiction | Footprints International School Library Network Toul Kork Campus | Footprints International School Library Network Toul Tom Poung Campus | 01/26/2024 | 3 | TEI 543 PZ7.T233 | FISTK01287 | 10/31/2025 | 10/17/2025 | 01/26/2024 | Books |
